Văn học dân gian huyện A Lưới tỉnh Thừa Thiên Huế

Nội dung sách gồm 2 phần giới thiệu khái quát vùng đất huyện A Lưới tỉnh Thừa Thiên Huế và vốn văn học dân gian, văn học dân gian các dân tộc thiểu số Tà Ôi, Pacô và Cơtu.

Guardat en:
Dades bibliogràfiques
Autor corporatiu: Hội văn nghệ dân gian Việt Nam
Format: Llibre
Idioma:Undetermined
Publicat: Hà Nội Thời Đại 2014
Matèries:
Etiquetes: Afegir etiqueta
Sense etiquetes, Sigues el primer a etiquetar aquest registre!
Thư viện lưu trữ: Trung tâm Học liệu Trường Đại học Cần Thơ
LEADER 00973nam a2200193Ia 4500
001 CTU_209759
008 210402s9999 xx 000 0 und d
082 |a 398.20959749 
082 |b H452/Q.1 
110 |a Hội văn nghệ dân gian Việt Nam 
245 0 |a Văn học dân gian huyện A Lưới tỉnh Thừa Thiên Huế 
245 0 |c Trần Nguyễn Khánh Phong (Sưu tầm và biên soạn) 
260 |a Hà Nội 
260 |b Thời Đại 
260 |c 2014 
520 |a Nội dung sách gồm 2 phần giới thiệu khái quát vùng đất huyện A Lưới tỉnh Thừa Thiên Huế và vốn văn học dân gian, văn học dân gian các dân tộc thiểu số Tà Ôi, Pacô và Cơtu. 
650 |a Folk literature, Vietnamese,Văn học dân gian Việt Nam 
904 |i Trương Thủy Ly,Hải 
980 |a Trung tâm Học liệu Trường Đại học Cần Thơ